Brown to gold by way of green (Record no. 76856)

MARC details
000 -LEADER
fixed length control field 01040cab a2200181 4500
001 - CONTROL NUMBER
control field ##L133198
008 - FIXED-LENGTH DATA ELEMENTS--GENERAL INFORMATION
fixed length control field 060420n2006 000 0 eng u
035 ## - SYSTEM CONTROL NUMBER
System control number (Sirsi) u133198
041 0# - LANGUAGE CODE
Language code of text/sound track or separate title eng
100 1# - MAIN ENTRY--PERSONAL NAME
Personal name Dixon, Tim
245 00 - TITLE STATEMENT
Title Brown to gold by way of green
260 ## - PUBLICATION, DISTRIBUTION, ETC.
Date of publication, distribution, etc. 2006
490 #0 - SERIES STATEMENT
Series statement Estates Gazette
Volume/sequential designation (0614) 8 April 2006, 166-168(3)
520 ## - SUMMARY, ETC.
Summary, etc. Looks at new research that argues that public sector involvement needs to be fostered if government wants brownfield development schemes to be sustainable. The research (L133199) provides case studies of best practice in brownfield regeneration focusing on six sites in the Thames Gateway and Greater Manchester. Offers a developer's checklist summarising the lessons learnt from stakeholder interviews in the two locations and a table detailing land allocation in the two areas in 2004. Notes the major policy changes that will affect brownfield development.
590 ## - LOCAL NOTE (RLIN)
Local note IKA250406
690 ## - LOCAL SUBJECT ADDED ENTRY--TOPICAL TERM (OCLC, RLIN)
Topical term or geographic name as entry element PROPERTY-PROPERTY DEVELOPMENT-SUSTAINABLE PROPERTY DEVELOPMENT
942 ## - ADDED ENTRY ELEMENTS (KOHA)
Suppress in OPAC 0
Holdings
Withdrawn status Lost status Source of classification or shelving scheme Damaged status Not for loan Home library Current library Shelving location Date acquired Total Checkouts Full call number Barcode Date last seen Copy number Price effective from Koha item type
    Dewey Decimal Classification     London London Journal article 20/04/2006   L133198 133198-1001 06/08/2019 1 06/08/2019 Journal article